| 000 | 01397nam a22003617a 4500 | ||
|---|---|---|---|
| 003 | CHAP | ||
| 005 | 20220329134242.0 | ||
| 008 | 971013s1978 r 00010 d | ||
| 010 | _a17647 | ||
| 011 | _a18619 | ||
| 035 | _a22704 | ||
| 040 | _cCHAP | ||
| 090 | _aTesis | ||
| 100 | 0 | 0 |
_aCavazos Aguirre, Alejandro Javier. _920596 |
| 245 | _aEvaluación del método de selección de variedades y líneas de trigo (Triticum aestivum) y triticale (Triticale sp.) germinadas en soluciones hipertónicas y su comprobación en campo | ||
| 260 |
_a(Monterrey, N.L.) : _bEl autor, _c1978 |
||
| 300 |
_a88 h. _b; gráfs. |
||
| 502 | _aTesis (M. C. Esp. en Fitomejoramiento) -- ITESM. Div. de Ciencias Agropecuarias y Marítimas. Programa de Graduados | ||
| 590 |
_aALEPH _b10 _c20130110 _lUCH01 _h1240 |
||
| 590 |
_aBATCH-UPD _b10 _c20130110 _lUCH01 _h0021 |
||
| 590 |
_aBATCH-UPD _b10 _c20130110 _lUCH01 _h1413 |
||
| 590 |
_aBATCH-UPD _b10 _c20130410 _lUCH01 _h0859 |
||
| 590 |
_aBATCH-UPD _b10 _c20130914 _lUCH01 _h1035 |
||
| 590 |
_aCONVERSION _b10 _c20130109 _lUCH01 _h1311 |
||
| 650 | 1 | 4 |
_aTrigo _xGerminación. _9115031 |
| 650 | 1 | 4 |
_aTrigo _xMejoramiento. _9115057 |
| 650 | 1 | 4 |
_aTrigo _xVariedades resistentes a sequía. _9115123 |
| 650 | 1 | 4 |
_aTriticale _xGerminación. _9115212 |
| 650 | 1 | 4 |
_aTriticale _xMejoramiento. _9115219 |
| 901 | _aBK | ||
| 942 | _cTESIS | ||
| 949 |
_bBC _cTES _d-53118 _eTS1 _i22704 _si |
||
| 999 |
_c17647 _d17647 |
||